Bratislava - Choix multiples - Statistiques

Statistiques générales
  • Ce quiz a été pris 22 fois
    14 depuis la dernière actualisation
  • Le résultat moyen est 5 sur 10
Statistiques - réponses
Question Réponse % Correct
Quel fleuve traverse Bratislava ? Le Danube
100%
Lequel de ces monuments ne se situe PAS à Bratislava ?
86%
Bratislava est la seule capitale au monde à toucher deux pays voisins. Lesquels sont-ils ? La Hongrie et l'Autriche
71%
Lequel de ces “messieurs de bronze” n’habite PAS les rues de Bratislava ?
64%
Quel homme politique tchécoslovaque, connu pour son "socialisme à visage humain", était secrétaire régional de Bratislava du parti communiste ? Alexander Dubček
50%
Quelle victoire napoléonienne aboutit au traité de Presbourg signé au palais primatial en décembre 1805 ? Austerlitz
50%
Quel n’était PAS le nom historique de la ville ? Breslau
36%
Quelle est la particularité architecturale du château de Bratislava ? Seulement une de ses quatre tours est d'origine médiévale
29%
Laquelle de ces propositions est FAUSSE ? La ville fut occupée par les Ottomans
14%
Quel symbole est visible au sommet de la tour de la cathédrale Saint-Martin la plus importante de la ville ? Une couronne hongroise
14%
Aucun quiz correspondant
Distribution des résultats
% des personnes avec chaque résultat
Percentile par nombre de réponses
Votre historique - résultats
Vous n’avez pas pris ce quiz depuis la dernière actualisation